00285nam a2200109Ia 4500008004100000100002200041245004600063250000800109260003200117300000800149650001800157191201s2000 xx 000 0 und d aALBUQUERQUE, Usha 4aThe Penguin India Career Guide Humanities a1st aN.DelhibPenguin Bookc2000 a548 aGeneral Books